00710 2200229 4500001002100000008004100021035002000062245013700082100001900219250001000238260004300248300003400291020002200325084001600347520001300363520003000376520001400406082001000420650002800430990001100458990001100469INLIS000000000015348 ind  a0010-1222000427 aPalagan MaguwobDalam Mempertahankan Kemerdekaan Republika Indonesia (1945-1949)cDede Nasrudin, Wawan K. Joehanda; editor, Tim Mapa aDEDE, Nasrudin acet.2 aYogyakarta :bMatapadi Presindo,c2020 axxiii, 328 hal.: ilus.c21 cm a978-602-1634-28-8 a908.9 DED p aLampiran aBibliografi : hal.321-328 aGlosarium a908.9 aSEJARAH. PALAGAN MAGUWO a9876 a a9876 b